Thi pháp nhân vật tiểu thuyết Hồ Biểu Chánh trước năm 1945

Hồ Biểu Chánh là một trong những cây bút mở đầu của tiểu thuyết Việt Nam hiện đại. Đề tài mục đích khảo sát thế giới nhân vật trong tiểu thuyết của Hồ Biểu Chánh, qua đó tìm hiểu những triết lý về con người qua các hình tượng nhân...

Ausführliche Beschreibung

Gespeichert in:
Bibliographische Detailangaben
1. Verfasser: Nguyễn, Thị Phương Thảo
Format: Buch
Sprache:Undetermined
Veröffentlicht: Cần Thơ Đại học Cần Thơ 2009
Schlagworte:
Tags: Tag hinzufügen
Keine Tags, Fügen Sie den ersten Tag hinzu!
Thư viện lưu trữ: Trung tâm Học liệu Trường Đại học Cần Thơ
LEADER 01219nam a2200229Ia 4500
001 CTU_154453
008 210402s9999 xx 000 0 und d
082 |a 895.9223009 
082 |b Th108 
088 |a 60220121 
100 |a Nguyễn, Thị Phương Thảo 
245 0 |a Thi pháp nhân vật tiểu thuyết Hồ Biểu Chánh trước năm 1945 
245 0 |c Nguyễn Thị Phương Thảo ; Lê Ngọc Thúy hướng dẫn 
260 |a Cần Thơ 
260 |b Đại học Cần Thơ 
260 |c 2009 
520 |a Hồ Biểu Chánh là một trong những cây bút mở đầu của tiểu thuyết Việt Nam hiện đại. Đề tài mục đích khảo sát thế giới nhân vật trong tiểu thuyết của Hồ Biểu Chánh, qua đó tìm hiểu những triết lý về con người qua các hình tượng nhân vật. 
650 |a Vietnamese literature,Văn học Việt Nam 
650 |x History and criticism,Lịch sử và phê bình 
650 |y 20th century,Thế kỷ 20 
904 |i Trọng Hiếu 
980 |a Trung tâm Học liệu Trường Đại học Cần Thơ